000 00847nam a2200253Ia 4500
003 OSt
005 20220923222750.0
006 a|||||r|||| 00| 0
007 ta
008 220922b |||||||| |||| 00| 0 hin d
024 _a207,570
037 _cTextual
040 _aARTS
_cARTS
_bhin
041 _2hin
_ahin
082 _aO152,3NMIx, M5
100 _aमित्तल, श्रीकांत
_9156292
245 0 _aजिंदगी शहर की बांहो में
246 _aJiandagī shahar kī bāanho mean
260 _aहापुड़
_b शीर्षक प्रका0
_c1985
300 _a224पृ.
_ccm.
650 _aहिन्दी साहित्य
_9156264
942 _hO152,3NMIx, M5
_cTEXL
_2CC
999 _c358187
_d358187